[Event "Nezhmetdinov Memorial rapid 36th"]
[Site "Kazan"]
[Date "2014.05.29"]
[Round "1"]
[White "Fedorov, Alexei"]
[Black "Sadykov, Airat F"]
[Result "1/2-1/2"]
[WhiteElo "2574"]
[BlackElo "2106"]
[PlyCount "59"]
[EventDate "2014.05.29"]
[EventType "swiss (rapid)"]
[EventRounds "9"]
[EventCountry "RUS"]
[SourceTitle "CBM 160 Extra"]
[Source "ChessBase"]
[SourceDate "2014.07.01"]
[SourceVersion "1"]
[SourceVersionDate "2014.07.01"]
[SourceQuality "1"]

1. e4 e6 2. d3 d5 3. Qe2 Be7 4. Nf3 Nf6 5. g3 0-0 6. Bg2 b6 7. 0-0 Bb7 8. e5 Nfd7 9. h4 c5 10. Bf4 Nc6 11. Nbd2 Qc7 12. Rfe1 Rac8 13. h5 a5 14. a4 Nd4 15. Nxd4 cxd4 16. Rec1 Qb8 17. Nf3 Bc5 18. c3 dxc3 19. bxc3 Qa8 20. d4 Be7 21. h6 g6 22. Bg5 Bxg5 23. Nxg5 Ba6 24. Qe3 Qa7 25. f4 Rfe8 26. f5 exf5 27. Bxd5 Re7 28. Nxf7 Nf6 29. Ba2 Bc4 30. Nd6 1/2-1/2

[Event "Nezhmetdinov Memorial 32nd"]
[Site "Kazan"]
[Date "2010.06.07"]
[Round "8"]
[White "Sadykov, Airat F"]
[Black "Sannikov, Grigory"]
[Result "1/2-1/2"]
[WhiteElo "2112"]
[BlackElo "2059"]
[PlyCount "121"]
[EventDate "2010.05.31"]
[EventType "swiss"]
[EventRounds "9"]
[EventCountry "RUS"]
[SourceTitle "CBM 136 Extra"]
[Source "ChessBase"]
[SourceDate "2010.07.02"]
[SourceVersion "2"]
[SourceVersionDate "2010.07.15"]
[SourceQuality "1"]

1. d4 d5 2. c4 c6 3. Nf3 Nf6 4. Nc3 dxc4 5. a4 Bf5 6. Ne5 Nbd7 7. Nxc4 e6 8. f3 Nb6 9. Ne5 Nbd7 10. e4 Bg6 11. Nc4 Be7 12. Be2 0-0 13. 0-0 Nb6 14. Ne5 c5 15. Be3 cxd4 16. Qxd4 Qxd4 17. Bxd4 Rfd8 18. Be3 Nfd7 19. Nxg6 hxg6 20. a5 Nc8 21. Rfd1 a6 22. f4 Na7 23. Na4 Nc6 24. Nb6 Nxb6 25. axb6 e5 26. fxe5 Nxe5 27. Kf1 f5 28. Bf4 Bf6 29. exf5 gxf5 30. Rxd8+ Rxd8 31. Ra5 Re8 32. Rc5 Nd7 33. Rc7 Nxb6 34. Rxb7 Na4 35. b3 Nc5 36. Bc4+ Kh7 37. Rb6 Bd4 38. Rc6 a5 39. Bd6 Ne4 40. Bf4 Ra8 41. Be6 Rf8 42. Ke2 Nc5 43. Bc4 Re8+ 44. Kd1 a4 45. Bf7 Rd8 46. Bc7 a3 47. b4 Rf8 48. Bc4 Ne4 49. Kc2 Nc3 50. Be6 Rf6 51. Bd8 Nd5 52. Bxf6 Nxb4+ 53. Kb1 Nxc6 54. Bxf5+ g6 55. Bxd4 Nxd4 56. Bd3 Nc6 57. Be4 Nb4 58. h4 Kh6 59. g4 Kg7 60. Ka1 Kf6 61. Kb1 1/2-1/2

[Event "Nezhmetdinov Memorial 32nd"]
[Site "Kazan"]
[Date "2010.06.04"]
[Round "5"]
[White "Gabaidulina, Olga"]
[Black "Sadykov, Airat F"]
[Result "0-1"]
[WhiteElo "1857"]
[BlackElo "2112"]
[PlyCount "86"]
[EventDate "2010.05.31"]
[EventType "swiss"]
[EventRounds "9"]
[EventCountry "RUS"]
[SourceTitle "CBM 136 Extra"]
[Source "ChessBase"]
[SourceDate "2010.07.02"]
[SourceVersion "2"]
[SourceVersionDate "2010.07.15"]
[SourceQuality "1"]

1. e4 e5 2. Nf3 Nf6 3. Nxe5 d6 4. Nf3 Nxe4 5. Nc3 Nxc3 6. dxc3 Be7 7. Bf4 Nc6 8. Qd2 Bg4 9. 0-0-0 Qd7 10. Qe3 Qe6 11. a3 h6 12. Kb1 0-0-0 13. Be2 Rhe8 14. h3 Qxe3 15. Bxe3 Bh5 16. g4 Bg6 17. Nd4 Nb8 18. h4 Be4 19. f3 Bc6 20. Bf2 Bd7 21. Bd3 g6 22. Rhg1 Nc6 23. Nxc6 Bxc6 24. f4 Bf6 25. g5 Bg7 26. f5 Be4 27. f6 Bf8 28. Rde1 Bxd3 29. cxd3 d5 30. Bg3 Kd7 31. c4 dxc4 32. dxc4 Bc5 33. Rxe8 Rxe8 34. Rd1+ Kc6 35. Ka2 Bd6 36. Bxd6 cxd6 37. Rd4 Re5 38. a4 Kc5 39. Rg4 Re3 40. Rf4 Kb4 41. Rd4 Kc5 42. Rd5+ Kc6 43. Rd4 a5 0-1

[Event "Nezhmetdinov Memorial 32nd"]
[Site "Kazan"]
[Date "2010.06.03"]
[Round "4"]
[White "Sadykov, Airat F"]
[Black "Glukhov, Alexander"]
[Result "1-0"]
[WhiteElo "2112"]
[BlackElo "2034"]
[PlyCount "87"]
[EventDate "2010.05.31"]
[EventType "swiss"]
[EventRounds "9"]
[EventCountry "RUS"]
[SourceTitle "CBM 136 Extra"]
[Source "ChessBase"]
[SourceDate "2010.07.02"]
[SourceVersion "2"]
[SourceVersionDate "2010.07.15"]
[SourceQuality "1"]

1. d4 d5 2. c4 c6 3. Nf3 Nf6 4. Nc3 e6 5. Bg5 h6 6. Bh4 Be7 7. e3 0-0 8. Bd3 Nbd7 9. 0-0 b6 10. Rc1 Bb7 11. cxd5 cxd5 12. Bb1 Rc8 13. Bg3 Ne4 14. Nxe4 dxe4 15. Nd2 f5 16. Qb3 Rf6 17. Qa4 a6 18. Nb3 b5 19. Qa5 Rc4 20. Bc7 Qf8 21. a3 Ra4 22. Qd2 Bd5 23. Na5 Bd8 24. Bxd8 Qxd8 25. Nc6 Qe8 26. Nb4 Qh5 27. Bc2 Rxb4 28. Qxb4 Rg6 29. Bb3 Qh3 30. g3 Nf6 31. Bd1 Bc4 32. Rxc4 bxc4 33. Qxc4 Nd5 34. Qe2 f4 35. exf4 Nxf4 36. Qxe4 Rf6 37. gxf4 Kf7 38. Bf3 g5 39. Bg2 Qh5 40. Qh7+ Ke8 41. Rc1 Rf7 42. Qg8+ Ke7 43. Rc7+ Kd6 44. Qd8+ 1-0

[Event "Tatarstan-ch op"]
[Site "Kazan"]
[Date "2007.08.27"]
[Round "8"]
[White "Toropov, Pavel"]
[Black "Sadykov, Airat F"]
[Result "1-0"]
[WhiteElo "2153"]
[BlackElo "2108"]
[PlyCount "78"]
[EventDate "2007.08.20"]
[EventType "swiss"]
[EventRounds "9"]
[EventCountry "RUS"]
[SourceTitle "EXT 2009"]
[Source "ChessBase"]
[SourceDate "2008.11.26"]
[SourceVersion "1"]
[SourceVersionDate "2008.11.26"]
[SourceQuality "1"]

1. e4 c5 2. Nf3 Nc6 3. Bb5 e6 4. c3 Nge7 5. 0-0 a6 6. Ba4 d5 7. e5 Bd7 8. d4 cxd4 9. cxd4 Qb6 10. g4 h5 11. h3 hxg4 12. hxg4 f6 13. Nc3 fxe5 14. dxe5 Qb4 15. Ng5 Nxe5 16. Bxd7+ Kxd7 17. f4 N5c6 18. Be3 Qxb2 19. Ne2 Rh4 20. Rb1 Rxg4+ 21. Kh2 Qxa2 22. Rxb7+ Kc8 23. Rb6 Rh4+ 24. Kg2 Rb8 25. Nxe6 Rxb6 26. Bxb6 Qb2 27. Bf2 Rh8 28. Qd3 Qb5 29. Qc2 Qc4 30. Rc1 Qxc2 31. Rxc2 Kd7 32. Nc5+ Kd6 33. Ng3 a5 34. Nb7+ Ke6 35. f5+ Kf6 36. Bb6 Nb4 37. Re2 Nxf5 38. Rf2 g6 39. Bd4+ Ke6 1-0

[Event "Muhamedzjanov Memorial"]
[Site "Kazan"]
[Date "2007.01.29"]
[Round "4"]
[White "Chernikov, Oleg L"]
[Black "Sadykov, Airat F"]
[Result "1/2-1/2"]
[WhiteElo "2427"]
[BlackElo "2149"]
[PlyCount "133"]
[EventDate "2007.01.26"]
[EventType "swiss"]
[EventRounds "9"]
[EventCountry "RUS"]
[SourceTitle "EXT 2008"]
[Source "ChessBase"]
[SourceDate "2007.11.25"]
[SourceVersion "1"]
[SourceVersionDate "2007.11.25"]
[SourceQuality "1"]

1. e4 c5 2. c3 d5 3. exd5 Qxd5 4. Nf3 Nf6 5. d4 Bg4 6. Be2 e6 7. 0-0 Nc6 8. Be3 cxd4 9. Nxd4 Bxe2 10. Qxe2 Nxd4 11. Bxd4 Be7 12. Nd2 0-0 13. Nf3 Rfd8 14. Rfd1 Qf5 15. Qe5 Qxe5 16. Bxe5 Nd5 17. Kf1 f6 18. Bd4 e5 19. Be3 Nxe3+ 20. fxe3 Kf7 21. Ke2 Ke6 22. e4 Rac8 23. g4 g6 24. Nh4 a6 25. Rac1 Rc4 26. Kf3 Rc6 27. Rxd8 Bxd8 28. Rd1 Rd6 29. Rxd6+ Kxd6 30. Ng2 Bb6 31. Ke2 Ke6 32. Nh4 Bd8 33. Kd3 Be7 34. b4 b5 35. a3 Bf8 36. c4 Bh6 37. cxb5 axb5 38. Kc3 Bc1 39. Kb3 Bf4 40. h3 Bg3 41. Nf3 h6 42. a4 bxa4+ 43. Kxa4 f5 44. gxf5+ gxf5 45. Ng1 fxe4 46. Ne2 Bf2 47. b5 Bb6 48. Kb3 Kd5 49. Kc3 Ba5+ 50. Kc2 Kc5 51. Ng3 e3 52. Ne2 Kxb5 53. Kd3 Bb6 54. Ng3 Kc6 55. Nf5 h5 56. Ng3 h4 57. Nf5 e4+ 58. Ke2 Bd8 59. Nxe3 Kc5 60. Nc2 Bg5 61. Ne1 Kd5 62. Ng2 Ke5 63. Kf2 Kd5 64. Ke2 Kd4 65. Ne1 Kc3 66. Ng2 Kb4 67. Nxh4 1/2-1/2